00217nam a2200085Ia 4500008004100000100002000041245003900061260002200100260000900122170620s9999 xx 000 0 und d aPrashad Anirudh 0aOutline if Legal language in India bCentral Law Pub. c2006